<?xml version="1.0" encoding="UTF-8"?>
<record
    xmlns:xsi="http://www.w3.org/2001/XMLSchema-instance"
    xsi:schemaLocation="http://www.loc.gov/MARC21/slim http://www.loc.gov/standards/marcxml/schema/MARC21slim.xsd"
    xmlns="http://www.loc.gov/MARC21/slim">

  <leader>01052nam2a2200253   4500</leader>
  <controlfield tag="001">RU\NLR\bibl\1507303</controlfield>
  <controlfield tag="005">20250616022203.0</controlfield>
  <datafield tag="010" ind1=" " ind2=" ">
    <subfield code="a">978-5-89653-211-8</subfield>
    <subfield code="9">100</subfield>
  </datafield>
  <datafield tag="021" ind1=" " ind2=" ">
    <subfield code="a">RU</subfield>
    <subfield code="b">2010-23694</subfield>
    <subfield code="9">1586</subfield>
  </datafield>
  <datafield tag="035" ind1=" " ind2=" ">
    <subfield code="a">(NLR Aleph) 001498719</subfield>
  </datafield>
  <datafield tag="090" ind1=" " ind2=" ">
    <subfield code="a">1790835</subfield>
    <subfield code="c">1790835</subfield>
  </datafield>
  <datafield tag="100" ind1=" " ind2=" ">
    <subfield code="a">20100504d2009    |||y0rusy50      ca</subfield>
  </datafield>
  <datafield tag="101" ind1="0" ind2=" ">
    <subfield code="a">rus</subfield>
  </datafield>
  <datafield tag="102" ind1=" " ind2=" ">
    <subfield code="a">RU</subfield>
  </datafield>
  <datafield tag="105" ind1=" " ind2=" ">
    <subfield code="a">y   |||||||||</subfield>
  </datafield>
  <datafield tag="200" ind1="1" ind2=" ">
    <subfield code="a">&#x41B;&#x438;&#x445;&#x432;&#x438;&#x43D;&#x441;&#x43A;&#x438;&#x439; &#x443;&#x435;&#x437;&#x434;</subfield>
  </datafield>
  <datafield tag="210" ind1=" " ind2=" ">
    <subfield code="d">2009</subfield>
    <subfield code="a">&#x411;. &#x43C;.</subfield>
  </datafield>
  <datafield tag="215" ind1=" " ind2=" ">
    <subfield code="a">240 &#x441;.</subfield>
  </datafield>
  <datafield tag="461" ind1=" " ind2="0">
    <subfield code="1">001RU\NLR\bibl\1512989</subfield>
    <subfield code="1">2001#$a&#x421;&#x438;&#x43D;&#x43E;&#x434;&#x438;&#x43A; &#x441;&#x432;&#x44F;&#x449;&#x435;&#x43D;&#x43D;&#x43E;&#x441;&#x43B;&#x443;&#x436;&#x438;&#x442;&#x435;&#x43B;&#x435;&#x439;, &#x443;&#x447;&#x438;&#x442;&#x435;&#x43B;&#x435;&#x439;, &#x43C;&#x43E;&#x43D;&#x430;&#x448;&#x435;&#x441;&#x442;&#x432;&#x443;&#x44E;&#x449;&#x435;&#x439; &#x431;&#x440;&#x430;&#x442;&#x438;&#x438; &#x438; &#x431;&#x43B;&#x430;&#x433;&#x43E;&#x442;&#x432;&#x43E;&#x440;&#x438;&#x442;&#x435;&#x43B;&#x435;&#x439;$v&#x41A;&#x43D;. 1, &#x447;. 3</subfield>
    <subfield code="9">40387</subfield>
    <subfield code="c">&#x41A;&#x430;&#x43B;&#x443;&#x433;&#x430;</subfield>
    <subfield code="d">2009</subfield>
    <subfield code="f">[&#x441;&#x43E;&#x441;&#x442;.: &#x412;.&#x412;. &#x41B;&#x435;&#x433;&#x43E;&#x441;&#x442;&#x430;&#x435;&#x432;]</subfield>
    <subfield code="n">&#x41E;&#x431;&#x43B;&#x438;&#x437;&#x434;&#x430;&#x442;</subfield>
    <subfield code="t">&#x421;&#x438;&#x43D;&#x43E;&#x434;&#x438;&#x43A; &#x441;&#x432;&#x44F;&#x449;&#x435;&#x43D;&#x43D;&#x43E;&#x441;&#x43B;&#x443;&#x436;&#x438;&#x442;&#x435;&#x43B;&#x435;&#x439;, &#x443;&#x447;&#x438;&#x442;&#x435;&#x43B;&#x435;&#x439;, &#x43C;&#x43E;&#x43D;&#x430;&#x448;&#x435;&#x441;&#x442;&#x432;&#x443;&#x44E;&#x449;&#x435;&#x439; &#x431;&#x440;&#x430;&#x442;&#x438;&#x438; &#x438; &#x431;&#x43B;&#x430;&#x433;&#x43E;&#x442;&#x432;&#x43E;&#x440;&#x438;&#x442;&#x435;&#x43B;&#x435;&#x439;</subfield>
    <subfield code="v">&#x41A;&#x43D;. 1, &#x447;. 3</subfield>
  </datafield>
  <datafield tag="801" ind1=" " ind2="0">
    <subfield code="a">RU</subfield>
    <subfield code="b">NLR</subfield>
    <subfield code="c">20100504</subfield>
    <subfield code="g">RCR</subfield>
  </datafield>
  <datafield tag="801" ind1=" " ind2="1">
    <subfield code="a">RU</subfield>
    <subfield code="b">NLR</subfield>
    <subfield code="c">20100504</subfield>
  </datafield>
  <datafield tag="942" ind1=" " ind2=" ">
    <subfield code="c">BOOK</subfield>
  </datafield>
  <datafield tag="980" ind1=" " ind2=" ">
    <subfield code="a">NB</subfield>
  </datafield>
  <datafield tag="995" ind1=" " ind2=" ">
    <subfield code="5">2010-05-04</subfield>
    <subfield code="a">ad</subfield>
    <subfield code="b">NLR01</subfield>
    <subfield code="c">NLR01</subfield>
    <subfield code="e">CSB</subfield>
    <subfield code="f">1-1182341</subfield>
    <subfield code="k">&#x421; 2010-2/208</subfield>
    <subfield code="o">0</subfield>
    <subfield code="r">BOOK</subfield>
    <subfield code="s">_20102208</subfield>
  </datafield>
  <datafield tag="995" ind1=" " ind2=" ">
    <subfield code="5">2010-05-04</subfield>
    <subfield code="a">ad</subfield>
    <subfield code="b">NLR01</subfield>
    <subfield code="c">NLR01</subfield>
    <subfield code="e">CSB</subfield>
    <subfield code="f">1-1182337</subfield>
    <subfield code="k">&#x421; 2010-2/208</subfield>
    <subfield code="o">0</subfield>
    <subfield code="r">BOOK</subfield>
    <subfield code="s">_20102208</subfield>
  </datafield>
</record>
